| 000 | 00369nam a2200145Ia 4500 | ||
|---|---|---|---|
| 008 | 230917s9999||||xx |||||||||||||| ||und|| | ||
| 040 |
_e1093 _aMAIN |
||
| 041 | _aEnglish | ||
| 082 | _a589.9 M697M | ||
| 100 | _aMitruka, Brij M | ||
| 245 | 0 | _aMethods of detection and identification of bacteria | |
| 260 |
_aOhio _bCRC Press _c1977 |
||
| 300 | _a256 p. | ||
| 942 | _cBK | ||
| 999 |
_c195015 _d195015 |
||